Perspectives in Consumer Behavior

Enregistré dans:
Détails bibliographiques
Auteur principal: Kassarjian, Harold H.
Autres auteurs: Robertson, Thomas S.
Format: Livre
Langue:anglais
Publié: Glenview Scott, Foresman and Co. 1981
Édition:3. ed.
Sujets:
Tags: Ajouter un tag
Pas de tags, Soyez le premier à ajouter un tag!

MARC

LEADER 00000nam a2200000 4500
001 c001047
005 20221220103615.4
020 |a 0-673-15394-0 
041 0 |a eng 
044 |a US 
245 1 0 |a Perspectives in Consumer Behavior  |c Harold H. Kassarjian, Thomas S. Robertson 
250 |a 3. ed. 
264 1 |a Glenview  |b Scott, Foresman and Co.  |c 1981 
300 |a 538 s. 
610 2 0 |a prognózovanie 
610 2 0 |a spotrebitelia 
610 2 0 |a správanie 
610 2 0 |a spracovanie dát 
610 2 0 |a informácie 
610 2 0 |a motivácia 
610 2 0 |a osobnosť 
610 2 0 |a procesy sociálne 
610 2 0 |a triedy spoločenské 
610 2 0 |a kultúra 
610 2 0 |a marketing 
100 1 |a Kassarjian, Harold H. 
700 1 |a Robertson, Thomas S.